000 00378nam a2200145 i 4500
001 bg
100 1 _aMARCHELEK, K.
245 0 _aDrgania mechaniczne :
_bzbiór zadań z rozwiązaniami /
_cK. Marchelek, S. Berczyński.
260 _aSzczecin,
_c1986.
700 1 _aBERCZYŃSKI, S.
040 _cBPK
041 _apol
942 _cKS
008 s pl f |000 0 pol
999 _c3186
_d3186
856 _uhttp://koha.tu.koszalin.pl/cgi-bin/koha/opac-detail.pl?biblionumber=3186
_yKatalog online BPK